Aids to tropical medicine /

Bibliographic Details
Main Author: Broom, John Constable
Other Authors: Brooke, Gilbert E. (Gilbert Edward), 1873-1936
Format: Book
Language:English
Published: Londn : Bailliere & Cox, 1942.
Edition:4th ed., rev.
Series:Students' aids series.
Subjects:

MARC

Tag First Indicator Second Indicator Subfields
LEADER 00000cam a2200000 4500
001 in00000049664
005 20151007073709.0
008 800610s1942 enka 00010 eng c
010 |a a 43002537  
035 |a (OCoLC)06404748 
035 |9 AAF0205AM 
040 |a DLC  |c TXA  |d UtOrBLW 
049 |a TXAM [Also in] [Med Sci]  |c 1 [117213] 
090 |a RC961  |b .B76 1942 
092 |a 614.42  |b B873a4 
100 1 |a Broom, John Constable. 
245 1 0 |a Aids to tropical medicine /  |c by J. C. Broom. 
250 |a 4th ed., rev. 
264 1 |a Londn :  |b Bailliere & Cox,  |c 1942. 
300 |a viii, 203 pages including frontispiece, illustrations, tables, diagrams ;  |c 17 cm. 
336 |a text  |b txt  |2 rdacontent 
337 |a unmediated  |b n  |2 rdamedia 
338 |a volume  |b nc  |2 rdacarrier 
490 1 |a Students' aids series 
500 |a Earlier editions by G. E. Brooke. 
650 0 |a Tropical medicine. 
700 1 |a Brooke, Gilbert E.  |q (Gilbert Edward),  |d 1873-1936. 
830 0 |a Students' aids series. 
999 |a MARS 
999 f f |s 8234f554-b2eb-3a3d-b225-5d07e0bd0859  |i 46375a39-e940-302f-a6d2-bb79dcb4b502  |t 0 
952 f f |p ric  |a Texas A&M University  |b Rellis Campus  |c Joint Library Facility  |d Remote Storage  |t 0  |e RC961 .B76 1942  |h Library of Congress classification  |i unmediated -- volume  |m A14801029907 
998 f f |a RC961 .B76 1942  |t 0  |l Remote Storage